000 00422nam a2200169Ia 4500
003 GCL
008 140319s9999 xx 000 0 eng d
040 _aGCL /
_cGCL
082 0 4 _a746.92
_bR E
100 1 _aRUBY, JENNIFER
245 1 0 _aTHE EIGHTEENTH CENTURY /
_cRUBY, JENNIFER
260 _a[S.N] :
_bB.T.BATSFORD LTD ،
_c1988
300 _a64
650 0 4 _aنايل سات
650 0 4 _aCOSTUMES
942 _2ddc
_cBK
999 _c25200
_d25200